01071cam a2200301 i 450000100090000000300040000900500170001300800410003001000170007102000420008802000380013002000260016804000280019404200080022205000240023008200140025424501400026825000180040830000280042650400510045465000370050570000190054270000220056190600450058394200120062899900150064095201140065517397341OSt20180117085939.0120723s2013 nyu b 001 0 eng  a 2012029734 a9780415660518 (hardback : alk. paper) a9780415524964 (pbk. : alk. paper) a9780203120064 (ebook) aDLCbengcDLCerdadDLC apcc00aBF636.64b.I58 201300a158.322300aIntroduction to the counseling profession /cedited by David Capuzzi, Walden University and Douglas R. Gross, Arizona State University. aSixth Edition axx, 508 pages ;c26 cm. aIncludes bibliographical references and index. 0aCounselingxVocational guidance.1 aCapuzzi, Dave.1 aGross, Douglas R. a7bcbccorignewd1eecipf20gy-gencatlg 2ddccBK c2379d2379 00102ddc40708NFICaCLbCLcGENd2015-06-24l5o158.3 CAPpS3H-S-5r2024-02-01s2021-11-14w2015-06-24yBK